All Ballon D'Or Winners - Statistics

General Stats
  • This quiz has been taken 61 times
  • The average score is 39 of 69
Answer Stats
Hint Answer % Correct
2017 Cristiano Ronaldo
100%
2016 Cristiano Ronaldo
100%
2014 Cristiano Ronaldo
100%
2013 Cristiano Ronaldo
100%
2008 Cristiano Ronaldo
100%
2023 Lionel Messi
100%
2021 Lionel Messi
100%
2019 Lionel Messi
100%
2015 Lionel Messi
100%
2012 Lionel Messi
100%
2011 Lionel Messi
100%
2010 Lionel Messi
100%
2009 Lionel Messi
100%
2002 Ronaldo
100%
1997 Ronaldo
100%
2018 Luka Modric
94%
2025 Ousmane Dembélé
91%
2024 Rodri
91%
2022 Karim Benzema
89%
2007 Kaká
87%
2005 Ronaldinho
81%
1998 Zinedine Zidane
74%
1963 Lev Yashin
70%
2006 Fabio Cannavaro
68%
1976 Franz Beckenbauer
66%
1972 Franz Beckenbauer
66%
2001 Michael Owen
64%
1999 Rivaldo
62%
2004 Andriy Shevchenko
57%
1970 Gerd Müller
57%
1974 Johan Cruyff
57%
1973 Johan Cruyff
57%
1971 Johan Cruyff
57%
1985 Michel Platini
57%
1984 Michel Platini
57%
1983 Michel Platini
57%
2003 Pavel Nedvěd
57%
2000 Luís Figo
55%
1992 Marco van Basten
55%
1989 Marco van Basten
55%
1988 Marco van Basten
55%
1959 Alfredo Di Stéfano
53%
1957 Alfredo Di Stéfano
53%
1966 Bobby Charlton
51%
1968 George Best
45%
1995 George Weah
43%
1965 Eusébio
38%
1990 Lothar Matthäus
36%
1960 Luis Suárez
30%
1996 Matthias Sammer
30%
1993 Roberto Baggio
30%
1956 Stanley Matthews
30%
1964 Denis Law
26%
1994 Hristo Stoichkov
23%
1991 Jean-Pierre Papin
23%
1979 Kevin Keegan
23%
1978 Kevin Keegan
23%
1987 Ruud Gullit
17%
1982 Paolo Rossi
15%
1958 Raymond Kopa
15%
1967 Flórián Albert
13%
1981 Karl-Heinz Rummenigge
13%
1980 Karl-Heinz Rummenigge
13%
1977 Allan Simonsen
9%
1969 Gianni Rivera
9%
1975 Oleg Blokhin
9%
1986 Igor Belanov
6%
1962 Josef Masopust
6%
1961 Omar Sívori
6%
No matching quizzes found
Score Distribution
Percent of People with Each Score
Percentile by Number Answered
Your Score History
You have not taken this quiz